Fr. Conceicao Rodrigues College of Engineering

Illustrated Auto Cad Release 11 (Record no. 33404)

MARC details
000 -LEADER
fixed length control field 00299nam a2200133Ia 4500
100 ## - MAIN ENTRY--PERSONAL NAME
Personal name Schlieve/ Paul/L.
245 ## - TITLE STATEMENT
Title Illustrated Auto Cad Release 11
260 ## - PUBLICATION, DISTRIBUTION, ETC.
Name of publisher, distributor, etc. B.P.B. Pub
Place of publication, distribution, etc. New Delhi
Date of publication, distribution, etc. 1992
300 ## - PHYSICAL DESCRIPTION
Extent 550
546 ## - LANGUAGE NOTE
Language note ENGLISH
654 ## - SUBJECT ADDED ENTRY--FACETED TOPICAL TERMS
Focus term Auto cad release 11
942 ## - ADDED ENTRY ELEMENTS (KOHA)
Koha item type BOOK
Holdings
Withdrawn status Lost status Damaged status Not for loan Collection Home library Current library Shelving location Date acquired Cost, normal purchase price Total Checkouts Full call number Barcode Date last seen Cost, replacement price Price effective from Koha item type
        CRC Fr. Agnel's C.Rodrigues College of Engineering Fr. Agnel's C.Rodrigues College of Engineering   17/03/2023 150.00   5423 17/03/2023 150.00 17/03/2023 BOOK